00612 2200241 4500001002100000005001700021008004100038035002400079082001000103090001700113100001800130245005000148250001100198260002500209300002500234500003100259650001900290850001200309980001300321985000600334999001500340999001500355YOGYA-0209000002703720090227024117.0 ind  0010-020900000027037 a351.1 a354.1bNai P aNAINGGOLAN, H aPembinaan pegawai negeri sipilcH. Nainggolan aCet. 9 aJakartab[s.n]c1985 a300 hlmbilusc21 cm aBibliografi : hlm. 297-300 aPegawai negeri aYOPDYOG a12-01-07 a2 a06A0018181 a06A0018182